000 00662nam a2200181Ia 4500
003 GCL
008 140319s9999 xx 000 0 ara d
040 _aGCL /
_cGCL
082 0 4 _a792.0962
_bس م
100 1 _aسناء فتح الله
245 1 0 _aالمسرح المصرى 1896 - 1900 الجزء الثالث /
_cسناء فتح الله
260 _aالقاهرة :
_bالمركز القومى للمسرح والموسيقى ،
_c1998
300 _a287 ص ؛
_c24 سم
490 _aسلسلة توثيق المسرح المصرى
_v0
650 0 4 _aالتمثيل فى المسرح
650 0 4 _aالمسرح - تاريخ - مصر
942 _2ddc
_cBK
999 _c52270
_d52270